MDQL
is popping MORE tags! Check the
thread
!
Quizzes
Events
Quiz Creation
Community
Videos
Private Events
Remove Ads
Sign In
Join for FREE
Feedback
Dark Mode
Quiz Categories
Sports
Geography
Music
Movies
Television
Just For Fun
Miscellaneous
History
Literature
Language
Science
Gaming
Entertainment
Religion
Holiday
For Kids
Quiz Lab
Recent
Popular Today
Quiz Kudos Today
Editor Picks
Curator Picks
Quizzes by...
Day
Popularity
Type
Ratings
Length
Year
Community
Subscriptions
Recent Discussions
Orange Saloon
Badges
Playlists
Quests
Create
Leaderboards
Showdown
Live 5
Trivia Bingo
Activity
Puzzle Library
Sporcle Events
Private Events
Virtual Trivia
Globe League
Become a Host
Pub Owners
SporcleCon
Opinionation
Our Games
Videos
Blog
Mobile Apps
Partnerships
Remove Ads and Go Orange
Feedback
Music
Pop Music
The Beatles
Song
Album
Lyrics
Bands
Singers
Artist
Clip
Rock
Rap
Classical
Billboard
Country Music
Kpop
Taylor Swift
Music
Pop Music
The Beatles
Song
Album
Lyrics
Bands
Singers
Artist
Clip
Rock
Rap
Classical
Billboard
Country Music
Kpop
Taylor Swift
Random Quiz
Search Sporcle
×
Quiz Lab
Quiz Lab
Music
Nintendo
Type in answers that appear in a list
Type in answers that appear in a list
Classic
Best Score? Go Orange.
Mighty Mighty Bosstones Songs Stats
Can you name the Mighty Mighty Bosstones Songs?
By
MattA75
15m
164 Questions
452 Plays
452 Plays
452 Plays
Comments
Comments
Give Quiz Kudos
Give Quiz Kudos
-
- Ratings
hide this ad
Replay
Link that replays current quiz
Next Quiz
Link to next quiz in quiz playlist
You Got
0%
They Got
Avg Score
55%
Avg Friend Score
Upgrade to see
Score Distribution
Jump to the score distribution portion of the page
Score
0/164
Timer
15:00
0
Plays Today
% Correct
Devil's Night Out
95.2%
Where'd You Go
94.8%
Where'd You Go
94.8%
Don't Know How To Party
89.6%
Someday I Suppose
89.4%
Someday I Suppose
89.4%
The Impression That I Get
88.9%
Royal Oil
88.7%
The Rascal King
88.5%
Green Bay, Wisconsin
87.1%
The Constant
87.1%
Noise Brigade
86.2%
The Magic of Youth
85.7%
Wonderful Day for the Race
85.3%
Hugo's Wife
83.6%
Lonely Boy
82.5%
Doctor D
82.1%
Simmer Down
81.9%
Unified
81.9%
Let's Face It
81.4%
A Jackknife to a Swan
81.4%
After the Music is Over
81%
Toxic Toast
80.8%
Hell of a Hat
80.5%
Enter Sandman
80.3%
I Don't Believe in Anything
80%
When God Was Great
80%
The Final Parade
80%
1-2-8
79.9%
Hope I Never Lose My Wallet
79.6%
Awfully Quiet
79%
Last Dead Mouse
78.5%
Desensitized
78.5%
Kinder Words
78.1%
The Day He Didn't Die
78.1%
Haji
77.8%
Drunks and Children
77.6%
Decide
77.5%
I Don't Want to Be You
77.5%
I'll Drink To That
77.4%
Jump Through the Hoops
77.4%
The Cave
77.1%
That Bug Bit Me
76.9%
Lights Out
76.7%
Another Drinkin' Song
76.7%
Pictures to Prove It
76.5%
A Little Bit Ugly
76%
Our Only Weapon
76%
They Came To Boston
75.8%
M O V E
75%
Bruised
75%
Nevermind Me
74.9%
Bad In Plaid
74.7%
Police Beat
74.7%
Patricia
74.4%
% Correct
I'll Drink To That
74.2%
So Sad To Say
74.2%
Sweet Emotion
74%
Mr. Moran
73.8%
Where You Come From
72.6%
The Skeleton Song
72.4%
Dogs & Chaplains
72.2%
Illegal Left
71.9%
High School Dance
71.7%
Like a Shotgun
71.7%
Let Me Be
71.5%
Do Somethin' Crazy
71%
Do Somethin' Crazy
71%
Sunday Afternoons on Wisdom Ave
70.9%
Seven Thirty Seven Shoe Glue
70.8%
365 Days
70.8%
The West Ends
70.7%
Howwhywuz Howwhyam
70.6%
Cowboy Coffee
70.6%
Issachar
70.6%
Holy Smoke
70.4%
The Killing of Georgie (Part III)
70%
You Had to Be There
70%
Long as I Can See the Light
70%
Tin Soldiers
69.7%
Guns & The Young
69.5%
Bronzing the Garbage
69.5%
The Daylights
69.3%
Numbered Days
69%
Everybody's Better
68.6%
Seven Ways To Sunday
68.6%
A Sad Silence
68.3%
The Bartender's Song
68.1%
Ain't Talkin' 'Bout Love
68.1%
Go Big
68.1%
Divide
68.1%
Riot on Broad Street
67.2%
The Package Store Petition
65.7%
Think Again
65.6%
All Things Considered
65.6%
Finally
65.4%
Certain Things
65%
Disappearing
64.9%
Don't Worry Desmond Dekker
64.7%
To California
64.7%
Walked Like a Ghost
64.7%
The Old School Off the Bright
64%
Chasing The Sun Away
63.8%
They Will Need Music
63.7%
Dollar and a Dream
63.6%
The Ballad of Candlepin Paul
63.3%
Break So Easily
63.1%
He's Back
62.9%
Almost Anything Goes
62.7%
**** Outta Luck
62.7%
% Correct
Allow Them
62.2%
Over the Eggshells
62.2%
The Horse Shoe and the Rabbit's Foot
62.2%
Stand Off
61.8%
Temporary Trip
61.5%
You Gotta Go
60.9%
She Just Happened
60.6%
Sugar Free
60%
What's At Stake
57.7%
Absolutely Wrong
56.9%
You Can't Win
56.6%
I Want My City Back
56.1%
Open and Honest
55.4%
Here We Are
55.2%
In Honor Of
55.2%
What it Takes
55%
The Truth Hurts
55%
Nah, Nah, Nah, Nah, Nah
54.5%
What Was Was Over
54.3%
Chocolate Pudding
54.3%
A Man Without
54.1%
We Should Talk
54.1%
The Punch Line
54.1%
Graffiti Worth Reading
53.2%
The Meaning
52.9%
Katie
52.9%
Bad News and Bad Breaks
52.7%
I Wrote It
52.7%
It Can't Hurt
52.5%
The One With The Woes All Over It
52.5%
One Million Reasons
51.1%
A Reason To Toast
51.1%
This List
50%
It Went Well
50%
I Know More
49.5%
Wasted Summers
49.3%
Closer to Nowhere
48.3%
Favorite Records
48.2%
So Many Ways
47.5%
Is It
47.1%
You Left Right?
46.8%
The Mad Dash
44%
The Death Valley Vipers
41.6%
Who's Foolin' Who
41.4%
This Time Of Year
41.4%
A Pretty Sad Excuse
39.1%
The Upper Hand
39%
Sister Mary
38.9%
The Route That I Took
38.5%
Too Many Stars
37.6%
The Bricklayer's Story
32.4%
Your Life
29.9%
Not To Me On That Night
29.4%
It Will Be
18.3%
Quiz Playlist
Details
Report
Send in Message
Add To Playlist
Classic:
Type in answers that appear in a list
Quiz Source
Last Updated: May 7, 2021
Quiz Scoreboard
CHALLENGE
Sign Up to Join the Scoreboard
Show All
Scores
Hide
Comments
May contain spoilers
Recently Published
Image Sorting: Flags VI
by Barbecue
Geography
2m
Find the 'City' Movie
by crazypaving
Movies
60s
Colored Red Africa Blitz
by spor1
Geography
45s
More to Explore
Quiz From the Vault
Featured Blog Post
14 Easter Pick-up Lines to Find Eggs With
hide this ad
You Might Also Like...
Tags
Nintendo Quiz
Song Quiz
Boston
Mighty
Today's Top Quizzes in Music
Browse Music
hide this ad
Today's Top Quizzes in Nintendo
Browse Nintendo
Top Contributed Quizzes in Music
1
5X2 Blitz: Bands II
2
5X2 Blitz: The Beatles
3
Taylor Swift All Songs (2024)
4
5X2 Blitz: Billboard
5
5X2 Blitz: Billboard II
6
5X2 Blitz: Album
7
Taylor Swift Logic Puzzle II
8
5X2 Blitz: Singers
9
5X2 Blitz: Rock
10
5X2 Blitz: Lyrics
Explore More
Trending Topics
Marvel
Harry Potter
Kpop
Disney
Crossword
NBA
Anime
Pokémon
Country
Puzzle
The Office
NFL
WWE
Song
Soccer
hide this ad
More By:
MattA75
Quiz
Plays
Rating
Category
Featured
Created
Top 5 All Time NHL Team Goal Scorers
8,324
4.34
Sports
Oct 17, 2009
Pearl Jam Grab Bag
2,899
3.85
Music
Oct 19, 2009
Needles in the Rock Hall Haystack (Clickable)
1,882
3.27
Music
May 26, 2012
Rolling Stone's 100 Greatest Heavy Metal Albums
1,865
3.44
Music
Jun 21, 2017
Calder, Hart & Stanley
1,793
5.00
Sports
Jul 1, 2020
Go to Creator's Profile
Score Distribution
Quiz Creator Spotlight
MattA75
Follow
Send a Message
Quizzes Created
-
Created Quiz Play Count
-
More By This Creator
Popular Quizzes Today
1
Colored Red Africa Blitz
2
Find the US States - No Outlines Minefield
3
Find the 'City' Movie
4
5x2 Blitz: Bands
5
The Countries of the World
6
Find the US States
7
Find the Countries of Europe - No Outlines Minefield
8
US States
More Music Quizzes
A Decade of iTunes (Albums)
Published
Trending Quizzes
Colored Red Europe Blitz I
Colored Red Europe Blitz II
Colored Red Africa Blitz II
Colored Red Europe Blitz III
Colored Red Africa Blitz III
Recently Updated
How Do You Spell That?
pecheneg
Godzilla Movies
pecheneg
Grab Bag: 4-10 Letters
pecheneg
2024 March Madness Bracket
pecheneg
Famous TV Couples
Peacemaker
Champions League XIs: Real Madrid
pecheneg
Largest US Cities 1790-2010
pecheneg
Rides in Walt Disney World
pecheneg
Most Oscar Losses (Acting)
pecheneg
Beyoncé Albums
pecheneg
Trending Topics
Marvel
NBA
Disney
Crossword
Harry Potter
Anime
Kpop
NFL
Pokémon
Puzzle
Country
Song
Soccer
The Office
WWE
Your Account Isn't Verified!
In order to create a playlist on Sporcle, you need to verify the email address you used during registration. Go to your
Sporcle Settings
to finish the process.
Report this User
Report this user for behavior that violates our
Community Guidelines
.
Details:
Send Report
Go to the Sporcle.com Mobile Site →
Comments